¿Tener o ser? / (Registro nro. 2324)
[ vista simple ]
| 000 -LEADER | |
|---|---|
| fixed length control field | 00886nam a2200253 a 4500 |
| 005 - FECHA ULTIMA MODIFICACION | |
| control field | 20240412131119.0 |
| 008 - CAMPO DE CONTROL (LIBRO) | |
| fixed length control field | 100309e1990||||ag f0 s|1s0 spa d |
| 020 ## - INTERNATIONAL STANDARD BOOK NUMBER | |
| ISBN | 9505570112 |
| 041 ## - CODIGO DE IDIOMA | |
| Código de idioma del texto/pista de sonido o título separado | spa |
| 092 ## - SIGNATURA TOPOGRAFICA DEWEY LOCAL | |
| número de clasificación | 111.1 |
| libristica | 26 |
| sección | FRO |
| 100 1# - ENTRADA PRINCIPAL--NOMBRE PERSONAL | |
| Nombre personal | Fromm, Erich |
| 9 (RLIN) | 3118 |
| 245 #1 - TITULO PROPIAMENTE DICHO | |
| Título | ¿Tener o ser? / |
| Mención de responsabilidad y remanente de la transcripción de la portada | Erich Fromm |
| 250 ## - MENCION DE EDICION | |
| Mención de edición | 1a ed. 7a reimp. |
| Mención de responsabilidad relacionada con la ed. | Traducción Carlos Valdéz |
| 260 ## - PIE DE IMPRENTA | |
| Lugar de publicación, distribución, etc | Buenos Aires: |
| Nombre de la editorial, distribuidor, etc | Fondo de Cultura Económica: |
| Fecha de publicación | 1990. |
| 300 ## - DESCRIPCION FISICA | |
| Extension | 191 p. |
| 500 ## - NOTA GENERAL | |
| Nota general | Fromm, E. (1990). ¿Tener o ser?. (7a ed.). Buenos Aires : Fondo de Cultura Económica. |
| 590 ## - NOTAS LOCALES (RLIN) | |
| Nota local | Donación Dora Vera, febrero 2017. |
| 653 ## - TÉRMINO INDIZADO - PALABRAS CLAVES | |
| Palabra clave | Diferencia entre el tener y ser |
| 653 ## - TÉRMINO INDIZADO - PALABRAS CLAVES | |
| Palabra clave | Tener y ser en la experiencia cotidiana |
| 653 ## - TÉRMINO INDIZADO - PALABRAS CLAVES | |
| Palabra clave | Análisis de las diferencias fundamentales de los modos de existencia |
| 653 ## - TÉRMINO INDIZADO - PALABRAS CLAVES | |
| Palabra clave | Hombre nuevo y la sociedad nueva |
| 930 ## - NUMERO DE INVENTARIO | |
| Número de inventario | 3781 |
| 942 ## - ADDED ENTRY ELEMENTS (KOHA) | |
| Source of classification or shelving scheme | Dewey Decimal Classification |
| Item type | Libros |
| Estado de retiro | Existencia | Fuente de clasificación | Estado general | No para prestamo | Ubicación permanente | ubicación actual | Sala de ubicación | Fecha de adquisición | Fuente de adquisición | Total Checkouts | Número de clasificación | Código de barras | Date last seen | Número de ejemplar | Price effective from | Koha tipo de elemento (item) | Public note |
|---|---|---|---|---|---|---|---|---|---|---|---|---|---|---|---|---|---|
| Dewey Decimal Classification | Biblioteca Medicina | Biblioteca Medicina | Circulación | 22/02/2017 | Donación Dora Vera, febrero 2017. | 111.1 26 FRO | 3781 | 22/02/2017 | Ej.1 | 22/02/2017 | Libros | Donación Dora Vera, febrero 2017. |